Vajapeva (Record no. 796397)

MARC details
000 -LEADER
fixed length control field 00754nam a2200253Ia 4500
003 - CONTROL NUMBER IDENTIFIER
control field OSt
005 - DATE AND TIME OF LATEST TRANSACTION
control field 20220928132907.0
008 - FIXED-LENGTH DATA ELEMENTS--GENERAL INFORMATION
fixed length control field 220927b |||||||| |||| 00| 0 eng d
037 ## - SOURCE OF ACQUISITION
Terms of availability Textual
040 ## - CATALOGING SOURCE
Original cataloging agency SDCL
Transcribing agency SDCL
Language of cataloging eng
041 ## - LANGUAGE CODE
Source of code eng
Language code of text/sound track or separate title eng
100 ## - MAIN ENTRY--PERSONAL NAME
Personal name Shastri A M Ed.
9 (RLIN) 483417
245 #0 - TITLE STATEMENT
Title Vajapeva
Remainder of title Essays on evolution of Indian art and culture
260 ## - PUBLICATION, DISTRIBUTION, ETC.
Place of publication, distribution, etc. Delhi
Name of publisher, distributor, etc. Agam Kala Prakashan
Date of publication, distribution, etc. 1987
490 ## - SERIES STATEMENT
Volume/sequential designation V1:190p
700 ## - ADDED ENTRY--PERSONAL NAME
Personal name Prasad Agam Ed.
9 (RLIN) 483418
700 ## - ADDED ENTRY--PERSONAL NAME
Personal name Sharma R K Ed.
9 (RLIN) 395007
942 ## - ADDED ENTRY ELEMENTS (KOHA)
Classification part N2jN17, M7.1-.2
Koha item type Textual
Source of classification or shelving scheme Colon Classification (CC)
Holdings
Withdrawn status Lost status Damaged status Not for loan Home library Current library Date acquired Serial Enumeration / chronology Total Checkouts Full call number Barcode Date last seen Price effective from Koha item type
        South Campus Library South Campus Library 2022-09-28 V1:190p   N2jN17 M7.1-.2 SC0504844 2022-09-28 2022-09-28 Textual
Copyright @ Delhi University Library System